الدفاتر الفلسفية -1،2 / (Record no. 8109)
[ view plain ]
| 000 -الفاتح | |
|---|---|
| حقل البيانات ثابتة الطول | 00921nac a22002051u 4500 |
| 008 - عناصر البيانات ثابتة الطول - معلومات عامة | |
| حقل البيانات ثابتة الطول | 101017s1983 xxu||||| |||| 00| 0 ara d |
| 082 ## - رقم تصنيف ديوى العشرى | |
| رقم التصنيف | 190 |
| رقم المادة | ل ي ن |
| 100 1# - المدخل الرئيسى - إسم شخصى | |
| الإسم الشخصى | لينين |
| 9 (RLIN) | 20439 |
| 245 ## - بيان العنوان | |
| العنوان | الدفاتر الفلسفية -1،2 / |
| بيان المسئوليه,etc | لينين ؛ ترجمة وقدم له الياس مرقص |
| 250 ## - بيان الطبعة | |
| بيان الطبعة | 2 ط. |
| 260 ## - PUBLICATION, DISTRIBUTION, ETC. (IMPRINT) | |
| مكان الناشر او الموزع | بيروت : |
| اسم الناشر او الموزع | دار الحقيقة ،1983 |
| تاريخ النشر أو التوزيع | 1983. |
| 300 ## - الوصف المادى | |
| التعداد | 1 مج؛ |
| أبعاد الوعاء | 24 سم. |
| 505 ## - تبصرة محتويات-الفهرس | |
| تبصرة المحتويات المصاغة | المحتويات : الدفاتر الفلسفية .1 -- الدفاتر الفلسفية . 2 |
| 511 ## - | |
| -- | Catalogued by: Sara |
| 650 ## - المدخل الاضافى بالموضوع-مصطلح موضوعى | |
| مصطلح موضوعي أو اسم جغرافي كعنصر مدخل | المنطق |
| 9 (RLIN) | 13686 |
| 650 ## - المدخل الاضافى بالموضوع-مصطلح موضوعى | |
| مصطلح موضوعي أو اسم جغرافي كعنصر مدخل | الفلسفة الغربية |
| 9 (RLIN) | 15104 |
| 700 ## - المدخل الاضافى - اسم شخصى | |
| الإسم الشخصى | مرقص ، الياس |
| 9 (RLIN) | 20444 |
| الدور | ترجمه وقدم له |
| 942 ## - عناصر المدخل الإضافي( كوها) | |
| Koha [default] item type | Book - Borrowing |
| سابقة رقم الطلب | 190 ل ي ن |
| مصدر التصنيف او مخطط الترفيف | Dewey Decimal Classification |
| حالة التراجع | حالة الفقد | مصدر التصنيف او خطة الترفيف | حالة تلف | ليس للاعارة | مجموعات كوها | المكان الدائم | المكان الحالي | موقع الترفيف | تاريخ الاكتساب | Source of acquisition | رقم الاستدعاء | الباركود | Date last seen | نوع الوعاء |
|---|---|---|---|---|---|---|---|---|---|---|---|---|---|---|
| Dewey Decimal Classification | Alef-Baa | Central Library | Central Library | Lower Floor | 09/01/2011 | 190 ل ي ن | 000010063 | 15/07/2025 | Book - Borrowing |